Countries of Europe in 1900 - Statistics

General Stats
  • This quiz has been taken 40 times
  • The average score is 23 of 24
Answer Stats
Answer % Correct
Austria-Hungary
100%
Belgium
100%
France
100%
Germany
100%
Italy
100%
Netherlands
100%
Portugal
100%
Russia
100%
United Kingdom of Great Britain and Ireland
100%
United Kingdom of Sweden and Norway
100%
Denmark
97%
Spain
97%
Andorra
95%
Bulgaria
95%
Luxembourg
95%
Romania
95%
Serbia
95%
Greece
92%
San Marino
92%
Liechtenstein
86%
Monaco
86%
Switzerland
86%
Montenegro
78%
Ottoman Empire
73%
No matching quizzes found
Score Distribution
Percent of People with Each Score
Percentile by Number Answered
Your Score History
You have not taken this quiz